00372nam a2200109 a 45000010005000000030005000050050017000100080041000270400020000682450148000882600026002364152CDMR20130116135252.0130130s1983||||||||||||||||||||||||||||d aCDMRbcatcCDMR 0aBibliografía de vocabularios, tesauros, encabezamientos de materia y esquemas de clasificación de ciencias sociales (mono y plurilingües) aParísc1983bUNESCO